000 00386 a2200145 4500
001 181496
020 _a
040 _cMagnum
100 _a-
240 1 0 _aRevista de educacao aec/leituras psicologicas da construcao do conhec.
_lpor
245 1 0 _aRevista de educacao aec/leituras psicologicas da construcao do conhec.
362 0 _a1899
697 _aMAGNITO: ENSINO
942 _cBK
999 _c181496
_d181496